<?xml version="1.0" encoding="UTF-8"?>
<record
    xmlns:xsi="http://www.w3.org/2001/XMLSchema-instance"
    xsi:schemaLocation="http://www.loc.gov/MARC21/slim http://www.loc.gov/standards/marcxml/schema/MARC21slim.xsd"
    xmlns="http://www.loc.gov/MARC21/slim">

  <leader>00540nam a22001577a 4500</leader>
  <controlfield tag="003">OSt</controlfield>
  <controlfield tag="005">20150905114109.0</controlfield>
  <controlfield tag="008">150905b        xxu||||| |||| 00| 0 eng d</controlfield>
  <datafield tag="040" ind1=" " ind2=" ">
    <subfield code="c">RUA</subfield>
  </datafield>
  <datafield tag="082" ind1=" " ind2=" ">
    <subfield code="a">AGR &#x1797;&#x17BB;&#x17C6; 1991 B002 Or.1</subfield>
  </datafield>
  <datafield tag="100" ind1=" " ind2=" ">
    <subfield code="9">13</subfield>
    <subfield code="a">&#x1797;&#x17C6;&#x17BB;&#x200B; &#x179A;&#x17C9;&#x17B6;</subfield>
  </datafield>
  <datafield tag="245" ind1=" " ind2=" ">
    <subfield code="a">&#x179F;&#x17B7;&#x1780;&#x17D2;&#x179F;&#x17B6;&#x17A2;&#x17C6;&#x1796;&#x17B8;&#x1794;&#x178E;&#x17D2;&#x178F;&#x17B6;&#x1780;&#x178F;&#x17D2;&#x178F;&#x17B6;&#x179F;&#x17C6;&#x1781;&#x17B6;&#x1793;&#x17CB;&#x17D7;&#x1798;&#x17B6;&#x1793;&#x17A5;&#x1791;&#x17D2;&#x178B;&#x17B7;&#x1796;&#x179B;&#x1795;&#x179B;&#x17B7;&#x178F;&#x1795;&#x179B;&#x1782;&#x17D2;&#x179A;&#x17B6;&#x1794;&#x17CB;&#x179F;&#x17D2;&#x178F;&#x17BB;&#x1780;&#x1791;&#x17BB;&#x1780;</subfield>
  </datafield>
  <datafield tag="260" ind1=" " ind2=" ">
    <subfield code="a">Phnom Penh</subfield>
    <subfield code="b">RUA</subfield>
    <subfield code="c">1991</subfield>
  </datafield>
  <datafield tag="300" ind1=" " ind2=" ">
    <subfield code="a">54p.</subfield>
    <subfield code="b">ill.</subfield>
    <subfield code="c">29cm.</subfield>
  </datafield>
  <datafield tag="942" ind1=" " ind2=" ">
    <subfield code="2">ddc</subfield>
    <subfield code="c">AGR</subfield>
  </datafield>
  <datafield tag="999" ind1=" " ind2=" ">
    <subfield code="c">11</subfield>
    <subfield code="d">11</subfield>
  </datafield>
  <datafield tag="952" ind1=" " ind2=" ">
    <subfield code="0">0</subfield>
    <subfield code="1">0</subfield>
    <subfield code="2">ddc</subfield>
    <subfield code="4">0</subfield>
    <subfield code="6">AGR_&#x1797;&#x17BB;&#x17C6;_1991_000000000000000_B002_OR_1</subfield>
    <subfield code="7">0</subfield>
    <subfield code="9">24</subfield>
    <subfield code="a">LBB</subfield>
    <subfield code="b">LBB</subfield>
    <subfield code="c">B002</subfield>
    <subfield code="d">2015-09-05</subfield>
    <subfield code="o">AGR &#x1797;&#x17BB;&#x17C6; 1991 B002 Or.1</subfield>
    <subfield code="p">RUA003954</subfield>
    <subfield code="r">2015-09-05</subfield>
    <subfield code="w">2015-09-05</subfield>
    <subfield code="y">AGR</subfield>
  </datafield>
  <datafield tag="952" ind1=" " ind2=" ">
    <subfield code="0">0</subfield>
    <subfield code="1">0</subfield>
    <subfield code="2">ddc</subfield>
    <subfield code="4">0</subfield>
    <subfield code="6">AGR_&#x1797;&#x17BB;&#x17C6;_1991_000000000000000_B002_OR_2</subfield>
    <subfield code="7">0</subfield>
    <subfield code="9">25</subfield>
    <subfield code="a">LBB</subfield>
    <subfield code="b">LBB</subfield>
    <subfield code="c">B002</subfield>
    <subfield code="d">2015-09-05</subfield>
    <subfield code="o">AGR &#x1797;&#x17BB;&#x17C6; 1991 B002 Or.2</subfield>
    <subfield code="p">RUA003804</subfield>
    <subfield code="r">2015-09-05</subfield>
    <subfield code="w">2015-09-05</subfield>
    <subfield code="y">AGR</subfield>
  </datafield>
  <datafield tag="952" ind1=" " ind2=" ">
    <subfield code="0">0</subfield>
    <subfield code="1">0</subfield>
    <subfield code="2">ddc</subfield>
    <subfield code="4">0</subfield>
    <subfield code="6">AGR_&#x1797;&#x17BB;&#x17C6;_1991_000000000000000_B002_OR_3</subfield>
    <subfield code="7">0</subfield>
    <subfield code="9">26</subfield>
    <subfield code="a">LBB</subfield>
    <subfield code="b">LBB</subfield>
    <subfield code="c">B002</subfield>
    <subfield code="d">2015-09-05</subfield>
    <subfield code="o">AGR &#x1797;&#x17BB;&#x17C6; 1991 B002 Or.3</subfield>
    <subfield code="p">RUA003943</subfield>
    <subfield code="r">2015-09-05</subfield>
    <subfield code="w">2015-09-05</subfield>
    <subfield code="y">AGR</subfield>
  </datafield>
  <datafield tag="952" ind1=" " ind2=" ">
    <subfield code="0">0</subfield>
    <subfield code="1">0</subfield>
    <subfield code="2">ddc</subfield>
    <subfield code="4">0</subfield>
    <subfield code="6">AGR_&#x1797;&#x17BB;&#x17C6;_1991_000000000000000_B002_OR_4</subfield>
    <subfield code="7">0</subfield>
    <subfield code="9">27</subfield>
    <subfield code="a">LBB</subfield>
    <subfield code="b">LBB</subfield>
    <subfield code="c">B002</subfield>
    <subfield code="d">2015-09-05</subfield>
    <subfield code="o">AGR &#x1797;&#x17BB;&#x17C6; 1991 B002 Or.4</subfield>
    <subfield code="p">RUA003944</subfield>
    <subfield code="r">2015-09-05</subfield>
    <subfield code="w">2015-09-05</subfield>
    <subfield code="y">AGR</subfield>
  </datafield>
  <datafield tag="952" ind1=" " ind2=" ">
    <subfield code="0">0</subfield>
    <subfield code="1">0</subfield>
    <subfield code="2">ddc</subfield>
    <subfield code="4">0</subfield>
    <subfield code="6">AGR_&#x1797;&#x17BB;&#x17C6;_1991_000000000000000_B002_OR_5</subfield>
    <subfield code="7">0</subfield>
    <subfield code="9">28</subfield>
    <subfield code="a">LBB</subfield>
    <subfield code="b">LBB</subfield>
    <subfield code="c">B002</subfield>
    <subfield code="d">2015-09-05</subfield>
    <subfield code="o">AGR &#x1797;&#x17BB;&#x17C6; 1991 B002 Or.5</subfield>
    <subfield code="p">RUA003871</subfield>
    <subfield code="r">2015-09-05</subfield>
    <subfield code="w">2015-09-05</subfield>
    <subfield code="y">AGR</subfield>
  </datafield>
  <datafield tag="952" ind1=" " ind2=" ">
    <subfield code="0">0</subfield>
    <subfield code="1">0</subfield>
    <subfield code="2">ddc</subfield>
    <subfield code="4">0</subfield>
    <subfield code="6">AGR_&#x1797;&#x17BB;&#x17C6;_1991_000000000000000_B002_OR_6</subfield>
    <subfield code="7">0</subfield>
    <subfield code="9">29</subfield>
    <subfield code="a">LBB</subfield>
    <subfield code="b">LBB</subfield>
    <subfield code="c">B002</subfield>
    <subfield code="d">2015-09-05</subfield>
    <subfield code="o">AGR &#x1797;&#x17BB;&#x17C6; 1991 B002 Or.6</subfield>
    <subfield code="p">RUA003872</subfield>
    <subfield code="r">2015-09-05</subfield>
    <subfield code="w">2015-09-05</subfield>
    <subfield code="y">AGR</subfield>
  </datafield>
  <datafield tag="952" ind1=" " ind2=" ">
    <subfield code="0">0</subfield>
    <subfield code="1">0</subfield>
    <subfield code="2">ddc</subfield>
    <subfield code="4">0</subfield>
    <subfield code="6">AGR_&#x1797;&#x17BB;&#x17C6;_1991_000000000000000_B002_OR_7</subfield>
    <subfield code="7">0</subfield>
    <subfield code="9">30</subfield>
    <subfield code="a">LBB</subfield>
    <subfield code="b">LBB</subfield>
    <subfield code="c">B002</subfield>
    <subfield code="d">2015-09-05</subfield>
    <subfield code="o">AGR &#x1797;&#x17BB;&#x17C6; 1991 B002 Or.7</subfield>
    <subfield code="p">RUA003803</subfield>
    <subfield code="r">2015-09-05</subfield>
    <subfield code="w">2015-09-05</subfield>
    <subfield code="y">AGR</subfield>
  </datafield>
  <datafield tag="952" ind1=" " ind2=" ">
    <subfield code="0">0</subfield>
    <subfield code="1">0</subfield>
    <subfield code="2">ddc</subfield>
    <subfield code="4">0</subfield>
    <subfield code="6">AGR_&#x1797;&#x17BB;&#x17C6;_1991_000000000000000_B002_OR_8</subfield>
    <subfield code="7">0</subfield>
    <subfield code="9">31</subfield>
    <subfield code="a">LBB</subfield>
    <subfield code="b">LBB</subfield>
    <subfield code="c">B002</subfield>
    <subfield code="d">2015-09-05</subfield>
    <subfield code="o">AGR &#x1797;&#x17BB;&#x17C6; 1991 B002 Or.8</subfield>
    <subfield code="p">RUA003953</subfield>
    <subfield code="r">2015-09-05</subfield>
    <subfield code="w">2015-09-05</subfield>
    <subfield code="y">AGR</subfield>
  </datafield>
</record>
